[Event "NOR-ch"]
[Site "Larvik"]
[Date "2019.07.06"]
[Round "2"]
[White "Andersen, Alf Roger"]
[Black "Haug, Johannes"]
[Result "0-1"]
[WhiteElo "2149"]
[BlackElo "2431"]
[PlyCount "96"]
[EventDate "2019.07.05"]
[EventType "swiss"]
[EventRounds "9"]
[EventCountry "NOR"]
[SourceTitle "CBM 191 Extra"]
[Source "ChessBase"]
[SourceDate "2019.09.30"]
[SourceVersion "1"]
[SourceVersionDate "2019.09.30"]
[SourceQuality "1"]

1. c4 e5 2. Nc3 Bb4 3. g3 Bxc3 4. dxc3 d6 5. Bg2 Ne7 6. Nf3 Nbc6 7. e4 Be6 8. Nd2 Qd7 9. h3 0-0 10. Qe2 a6 11. Nf1 Rab8 12. Ne3 b5 13. Nd5 Na5 14. cxb5 axb5 15. b3 Nac6 16. Be3 f5 17. 0-0-0 fxe4 18. Bxe4 Bxd5 19. Bxd5+ Nxd5 20. Rxd5 Ne7 21. Rdd1 c6 22. Qg4 Qxg4 23. hxg4 Nd5 24. Rxd5 cxd5 25. Rd1 Kf7 26. Rxd5 Ke6 27. Rd1 Ra8 28. Kb2 Ra6 29. a3 Rfa8 30. Ra1 Kd5 31. f3 h6 32. Rd1+ Ke6 33. Ra1 Rf8 34. Rf1 Rf7 35. b4 g5 36. Kb3 Ra8 37. f4 gxf4 38. gxf4 Rg8 39. Rh1 exf4 40. Rxh6+ Kd5 41. Rh5+ Kc6 42. Bf2 Rxg4 43. c4 bxc4+ 44. Kxc4 Rg2 45. b5+ Kb7 46. Bd4 f3 47. Rh1 f2 48. Rf1 Rf4 0-1

[Event "Djenovici TS05 IM 3rd"]
[Site "Djenovici"]
[Date "2019.05.24"]
[Round "8"]
[White "Andersen, Alf Roger"]
[Black "Lyell, Mark"]
[Result "0-1"]
[WhiteElo "2182"]
[BlackElo "2256"]
[PlyCount "68"]
[EventDate "2019.05.18"]
[EventType "tourn"]
[EventRounds "9"]
[EventCountry "MNE"]
[SourceTitle "CBM 190 Extra"]
[Source "ChessBase"]
[SourceDate "2019.07.15"]
[SourceVersion "1"]
[SourceVersionDate "2019.07.15"]
[SourceQuality "1"]

1. Nf3 d5 2. d4 Nf6 3. c4 dxc4 4. e3 Bg4 5. Bxc4 e6 6. Qb3 Bxf3 7. gxf3 c5 8. Qxb7 Nbd7 9. Nc3 cxd4 10. exd4 Rb8 11. Qxa7 Bd6 12. Nb5 Bb4+ 13. Ke2 0-0 14. Qa4 Qe7 15. Qd1 Nb6 16. Bd3 e5 17. Be3 Nbd5 18. Rg1 e4 19. fxe4 Nxe4 20. Kf1 Nxe3+ 21. fxe3 Qf6+ 22. Kg2 Qf2+ 23. Kh1 Qxe3 24. Rg2 Nf2+ 25. Rxf2 Qxf2 26. Qg4 Rfe8 27. Rf1 Re1 28. Rxe1 Qxe1+ 29. Kg2 Qd2+ 30. Qe2 Qg5+ 31. Kf1 Rb6 32. Qe8+ Bf8 33. Be2 Rf6+ 34. Ke1 Qc1+ 0-1

[Event "Djenovici TS05 IM 3rd"]
[Site "Djenovici"]
[Date "2019.05.20"]
[Round "4"]
[White "Zherebtsova, Alexandra"]
[Black "Andersen, Alf Roger"]
[Result "1-0"]
[WhiteElo "2205"]
[BlackElo "2182"]
[PlyCount "85"]
[EventDate "2019.05.18"]
[EventType "tourn"]
[EventRounds "9"]
[EventCountry "MNE"]
[SourceTitle "CBM 190 Extra"]
[Source "ChessBase"]
[SourceDate "2019.07.15"]
[SourceVersion "1"]
[SourceVersionDate "2019.07.15"]
[SourceQuality "1"]

1. d4 e6 2. g3 d5 3. Bg2 Nf6 4. Nf3 Be7 5. c4 0-0 6. Qc2 Nbd7 7. 0-0 Re8 8. Rd1 c6 9. Nbd2 Bd6 10. b3 Qe7 11. Bb2 b6 12. e4 dxe4 13. Ne5 Bb7 14. Nxe4 Bxe5 15. dxe5 Nxe4 16. Bxe4 h6 17. Rd6 Rac8 18. Rad1 Nb8 19. c5 Rc7 20. Ba3 b5 21. Qd2 Bc8 22. Bc1 Bd7 23. Bb1 Qf8 24. h4 Re7 25. h5 Be8 26. Qc2 f5 27. exf6 gxf6 28. Rd8 Nd7 29. b4 Ne5 30. Bf4 a5 31. bxa5 Ra7 32. Bxe5 fxe5 33. a6 Rxa6 34. Rb8 Ra4 35. Rdd8 e4 36. Qe2 Qg7 37. Rxe8+ Rxe8 38. Rxe8+ Kf7 39. Rd8 Qc3 40. Bxe4 Ke7 41. Rd1 Qxc5 42. Qg4 Qe5 43. Qh4+ 1-0

[Event "Djenovici TS05 IM 3rd"]
[Site "Djenovici"]
[Date "2019.05.18"]
[Round "1"]
[White "Andersen, Alf Roger"]
[Black "Cervantes Landeiro, Thalia"]
[Result "0-1"]
[WhiteElo "2182"]
[BlackElo "2231"]
[PlyCount "80"]
[EventDate "2019.05.18"]
[EventType "tourn"]
[EventRounds "9"]
[EventCountry "MNE"]
[SourceTitle "CBM 190 Extra"]
[Source "ChessBase"]
[SourceDate "2019.07.15"]
[SourceVersion "1"]
[SourceVersionDate "2019.07.15"]
[SourceQuality "1"]

1. c4 e5 2. Nc3 Nc6 3. Nf3 Nf6 4. e3 Bb4 5. Qc2 Bxc3 6. Qxc3 Qe7 7. a3 d5 8. cxd5 Nxd5 9. Qb3 Nb6 10. d3 0-0 11. Be2 a5 12. 0-0 a4 13. Qc2 Be6 14. Bd2 Rfd8 15. Rac1 Rd7 16. Qb1 Bf5 17. Rfd1 Rad8 18. Ne1 Qf6 19. b4 Na7 20. Rc5 Qe6 21. Qb2 f6 22. b5 Qb3 23. Rb1 Qxb2 24. Rxb2 Be6 25. Bf3 Nd5 26. Bd1 Nb6 27. Kf1 e4 28. Rb4 exd3 29. Bxa4 Nxa4 30. Rxa4 b6 31. Rc1 Nxb5 32. Rb1 Nd6 33. Nf3 b5 34. Ra7 c5 35. Ra6 Bd5 36. Ke1 c4 37. Bb4 Ne4 38. Nd2 c3 39. Nxe4 Bxe4 40. Ra1 d2+ 0-1

[Event "Katowice IM"]
[Site "Katowice"]
[Date "2019.04.12"]
[Round "9"]
[White "Boricsev, Oleg"]
[Black "Andersen, Alf Roger"]
[Result "1-0"]
[WhiteElo "2281"]
[BlackElo "2240"]
[PlyCount "153"]
[EventDate "2019.04.08"]
[EventType "tourn"]
[EventRounds "9"]
[EventCountry "POL"]
[SourceTitle "CBM 189 Extra"]
[Source "ChessBase"]
[SourceDate "2019.05.31"]
[SourceVersion "1"]
[SourceVersionDate "2019.05.31"]
[SourceQuality "1"]

1. e4 d6 2. d4 Nf6 3. Nc3 g6 4. Nf3 Bg7 5. Be2 0-0 6. 0-0 Bg4 7. Be3 Nbd7 8. h3 Bxf3 9. Bxf3 e5 10. g3 Qe7 11. Bg2 c6 12. a4 Rfd8 13. a5 b5 14. axb6 axb6 15. d5 Rxa1 16. Qxa1 cxd5 17. exd5 Qf8 18. Qa4 Ra8 19. Qb5 Qb8 20. Qc6 Bf8 21. Re1 Ra5 22. Nb5 Ra2 23. Na3 Qa7 24. Qb5 Qa5 25. Qxa5 bxa5 26. Rb1 e4 27. Bd2 Nxd5 28. Bxe4 N5b6 29. Bxa5 Bg7 30. c3 d5 31. Bc2 Nc4 32. Nxc4 dxc4 33. Bb4 Bf8 34. Bxf8 Kxf8 35. Be4 Ke7 36. Re1 Kf6 37. Re2 Nb6 38. Bc6 Ra7 39. Kg2 Rc7 40. Be8 h6 41. Kf3 g5 42. Re4 Nc8 43. Rd4 Ke7 44. Ba4 Nd6 45. Rd2 f5 46. Re2+ Kf6 47. Ke3 Re7+ 48. Kd2 Rxe2+ 49. Kxe2 Ke5 50. Bc2 Nb7 51. b3 cxb3 52. Bxb3 Nc5 53. Bc2 f4 54. Kf3 fxg3 55. fxg3 Nd7 56. Ke3 Nc5 57. c4 Nd7 58. Kd3 h5 59. Bd1 Nc5+ 60. Ke3 Ne4 61. Bxh5 Nxg3 62. Bf3 Nf5+ 63. Kd3 Ne7 64. c5 Ng6 65. Kc4 Nf4 66. Bg4 Nd3 67. c6 Kd6 68. Kxd3 Kxc6 69. Ke4 Kd6 70. Kf5 Ke7 71. Kg6 Kf8 72. Be6 Ke7 73. Ba2 Kf8 74. Bf7 Ke7 75. Kg7 Kd6 76. Kf6 Kd7 77. Kxg5 1-0

[Event "Katowice IM"]
[Site "Katowice"]
[Date "2019.04.11"]
[Round "8"]
[White "Andersen, Alf Roger"]
[Black "Czerw, Dawid"]
[Result "0-1"]
[WhiteElo "2240"]
[BlackElo "2270"]
[PlyCount "162"]
[EventDate "2019.04.08"]
[EventType "tourn"]
[EventRounds "9"]
[EventCountry "POL"]
[SourceTitle "CBM 189 Extra"]
[Source "ChessBase"]
[SourceDate "2019.05.31"]
[SourceVersion "1"]
[SourceVersionDate "2019.05.31"]
[SourceQuality "1"]

1. e4 c5 2. Nf3 g6 3. d4 cxd4 4. Nxd4 Nc6 5. c4 Bg7 6. Nb5 a6 7. N5c3 Nf6 8. Bd3 0-0 9. 0-0 d6 10. f3 Be6 11. Be3 Nd7 12. Qd2 Nc5 13. Be2 f5 14. exf5 gxf5 15. Nd5 Bxd5 16. cxd5 Ne5 17. Nc3 Qa5 18. Rab1 Ncd7 19. b4 Qd8 20. f4 Ng6 21. Rfc1 Nf6 22. a4 Qd7 23. a5 Ng4 24. Bd4 Bh6 25. g3 Rfc8 26. Qd1 Bg7 27. Bxg7 Kxg7 28. Na4 Rxc1 29. Rxc1 Rc8 30. Nb6 Rxc1 31. Qxc1 Qd8 32. Qc3+ Kh6 33. Bxg4 fxg4 34. Qc8 Qxc8 35. Nxc8 Kg7 36. Kf2 Kf6 37. Ke3 h5 38. Ke4 h4 39. Nb6 hxg3 40. hxg3 Nh8 41. Nd7+ Kg6 42. f5+ Kg5 43. Nf8 Nf7 44. Ng6 Kf6 45. Kf4 Nh6 46. Nh4 Nf7 47. Ng6 Nh6 48. Nh4 Nf7 49. Kxg4 Ne5+ 50. Kf4 Nd3+ 51. Ke4 Nxb4 52. g4 Na2 53. Nf3 Nc3+ 54. Kd4 Na4 55. Ke4 Nc5+ 56. Kf4 Nb3 57. g5+ Kg7 58. g6 Nxa5 59. Nd4 Nc4 60. Kg5 a5 61. Ne6+ Kg8 62. f6 exf6+ 63. Kxf6 a4 64. Nd4 Ne3 65. Ke6 a3 66. Nb3 Nc4 67. Kd7 a2 68. Na1 Kg7 69. Kc7 Kxg6 70. Kxb7 Kf5 71. Kc6 Ke4 72. Kb5 Kxd5 73. Kb4 Kd4 74. Kb3 Nd2+ 75. Kb2 Kd3 76. Kxa2 Kc3 77. Ka3 d5 78. Ka4 Kb2 79. Kb4 d4 80. Kc5 Nf3 81. Kc4 Kxa1 0-1

[Event "Katowice IM"]
[Site "Katowice"]
[Date "2019.04.10"]
[Round "6"]
[White "Andersen, Alf Roger"]
[Black "Budrewicz, Krzysztof"]
[Result "0-1"]
[WhiteElo "2240"]
[BlackElo "2194"]
[PlyCount "82"]
[EventDate "2019.04.08"]
[EventType "tourn"]
[EventRounds "9"]
[EventCountry "POL"]
[SourceTitle "CBM 189 Extra"]
[Source "ChessBase"]
[SourceDate "2019.05.31"]
[SourceVersion "1"]
[SourceVersionDate "2019.05.31"]
[SourceQuality "1"]

1. e4 c5 2. Nf3 e6 3. d4 cxd4 4. Nxd4 Nf6 5. Nc3 d6 6. Be2 Be7 7. 0-0 0-0 8. f4 Nc6 9. Nb3 a6 10. a4 b6 11. Bf3 Bb7 12. Be3 Qc7 13. Qd2 Rac8 14. Rad1 Nd7 15. e5 d5 16. Bxd5 Rfd8 17. Bxc6 Qxc6 18. Qf2 g6 19. Rd2 Nc5 20. Rxd8+ Rxd8 21. Bxc5 bxc5 22. Na5 Qb6 23. Nxb7 Qxb7 24. Nd1 Qb4 25. b3 c4 26. Qf3 Qd2 27. Nb2 c3 28. Nd1 Bc5+ 29. Kh1 Bd4 30. Qe4 a5 31. h3 h5 32. Kh2 h4 33. Qe1 Qxc2 34. Qxh4 Rd7 35. Nf2 Bxf2 36. Rxf2 Qxb3 37. f5 exf5 38. Rxf5 Qe6 39. Rg5 c2 40. Qf4 Rd1 41. Rxg6+ fxg6 0-1

[Event "Katowice IM"]
[Site "Katowice"]
[Date "2019.04.09"]
[Round "5"]
[White "Sliwicka, Alicja"]
[Black "Andersen, Alf Roger"]
[Result "1-0"]
[WhiteElo "2225"]
[BlackElo "2240"]
[PlyCount "73"]
[EventDate "2019.04.08"]
[EventType "tourn"]
[EventRounds "9"]
[EventCountry "POL"]
[SourceTitle "CBM 189 Extra"]
[Source "ChessBase"]
[SourceDate "2019.05.31"]
[SourceVersion "1"]
[SourceVersionDate "2019.05.31"]
[SourceQuality "1"]

1. e4 c6 2. d4 d5 3. Nc3 dxe4 4. Nxe4 Nf6 5. Nxf6+ exf6 6. c3 Bd6 7. Bd3 0-0 8. Qc2 Kh8 9. Be3 Be6 10. Ne2 Re8 11. Ng3 Nd7 12. 0-0 Qc7 13. c4 Nf8 14. Qd2 Rad8 15. f4 Bc8 16. Ne4 Ne6 17. Qf2 Be7 18. Rad1 b6 19. f5 Nf8 20. Kh1 h6 21. Bc2 Nh7 22. Qf3 Ba6 23. b3 c5 24. d5 Bd6 25. Nxd6 Qxd6 26. Bf4 Qd7 27. a4 Ng5 28. Bxg5 fxg5 29. f6 g6 30. Bxg6 fxg6 31. f7 Rf8 32. Qf6+ Kh7 33. Rde1 Bxc4 34. bxc4 Qxa4 35. Re6 Qc2 36. Re8 Rdxe8 37. fxe8Q 1-0

[Event "Djenovici TS03 IM 3rd"]
[Site "Djenovici"]
[Date "2019.03.22"]
[Round "8"]
[White "Dimitrijeski, Boris"]
[Black "Andersen, Alf Roger"]
[Result "1-0"]
[WhiteElo "2200"]
[BlackElo "2269"]
[PlyCount "87"]
[EventDate "2019.03.16"]
[EventType "tourn"]
[EventRounds "9"]
[EventCountry "MNE"]
[EventCategory "3"]
[SourceTitle "CBM 189 Extra"]
[Source "ChessBase"]
[SourceDate "2019.05.31"]
[SourceVersion "1"]
[SourceVersionDate "2019.05.31"]
[SourceQuality "1"]

1. d4 e6 2. c4 f5 3. Nf3 Nf6 4. g3 d5 5. Bg2 Bd6 6. 0-0 0-0 7. Nc3 c6 8. Qc2 Ne4 9. Rb1 a5 10. a3 Qe7 11. b4 axb4 12. axb4 Nxc3 13. Qxc3 dxc4 14. Bg5 Qc7 15. Qxc4 Ra4 16. Ne1 h6 17. Bd2 Bd7 18. Nd3 b6 19. Bf4 Bxf4 20. Nxf4 Qd6 21. Rfc1 Rc8 22. Nd3 Ra7 23. Ra1 Rac7 24. Ra3 Be8 25. Qc3 Bh5 26. Qb2 Nd7 27. Ra6 Qe7 28. e3 Be8 29. Qa3 Kh7 30. Ra8 Nf6 31. Rxc8 Rxc8 32. Qa6 Qd8 33. Ne5 Ra8 34. Qc4 Nd5 35. Nxc6 Qd6 36. b5 Nc7 37. h4 Ra3 38. Bf1 Nd5 39. Ne5 Ra5 40. Qb3 Nc7 41. Nc4 Qd8 42. Nxa5 bxa5 43. b6 a4 44. bxc7 1-0

[Event "Djenovici TS03 IM 3rd"]
[Site "Djenovici"]
[Date "2019.03.18"]
[Round "4"]
[White "Abramovic, Bosko"]
[Black "Andersen, Alf Roger"]
[Result "1-0"]
[WhiteElo "2362"]
[BlackElo "2269"]
[PlyCount "85"]
[EventDate "2019.03.16"]
[EventType "tourn"]
[EventRounds "9"]
[EventCountry "MNE"]
[EventCategory "3"]
[SourceTitle "CBM 189 Extra"]
[Source "ChessBase"]
[SourceDate "2019.05.31"]
[SourceVersion "1"]
[SourceVersionDate "2019.05.31"]
[SourceQuality "1"]

1. d4 e6 2. g3 f5 3. Bg2 Nf6 4. c4 c6 5. Qc2 d5 6. Nh3 Bd6 7. 0-0 0-0 8. Bf4 Be7 9. Nd2 Nh5 10. Nf3 Nxf4 11. Nxf4 Bd6 12. e3 Qe7 13. a3 Nd7 14. b4 Nf6 15. Nd3 Bd7 16. Nfe5 Be8 17. Qb3 Bh5 18. f3 Nd7 19. Rac1 Bxe5 20. dxe5 Nb6 21. cxd5 exd5 22. Rfe1 Nc4 23. Qc3 a5 24. e4 axb4 25. Qxb4 Qxb4 26. axb4 Bxf3 27. Bxf3 fxe4 28. Bxe4 dxe4 29. Rxe4 b5 30. e6 Rae8 31. Nc5 Re7 32. Rd1 Nb6 33. Rd6 Rc8 34. h4 Nd5 35. Kg2 h6 36. Nd3 Ra7 37. Ne5 Ne7 38. Rf4 Nd5 39. Rf7 Ra2+ 40. Kh3 Nc7 41. Rxc6 Re2 42. Rf5 Kh7 43. e7 1-0

[Event "Djenovici TS03 IM 3rd"]
[Site "Djenovici"]
[Date "2019.03.16"]
[Round "1"]
[White "Gungl, Theo"]
[Black "Andersen, Alf Roger"]
[Result "1-0"]
[WhiteElo "2369"]
[BlackElo "2269"]
[PlyCount "101"]
[EventDate "2019.03.16"]
[EventType "tourn"]
[EventRounds "9"]
[EventCountry "MNE"]
[EventCategory "3"]
[SourceTitle "CBM 189 Extra"]
[Source "ChessBase"]
[SourceDate "2019.05.31"]
[SourceVersion "1"]
[SourceVersionDate "2019.05.31"]
[SourceQuality "1"]

1. d4 d5 2. c4 e6 3. Nc3 f5 4. Bf4 Nf6 5. e3 c6 6. Nf3 Bd6 7. Bxd6 Qxd6 8. Qc2 0-0 9. Bd3 Ne4 10. 0-0 Nd7 11. Rac1 b6 12. Rfd1 Bb7 13. Qb3 Rae8 14. a3 Nxc3 15. Qxc3 c5 16. cxd5 Bxd5 17. dxc5 Nxc5 18. Bc4 Ne4 19. Qd4 Bxc4 20. Qxc4 Qe7 21. Ne5 Qc5 22. Qxc5 Nxc5 23. b4 Ne4 24. Rc7 Rd8 25. Rdd7 Rxd7 26. Nxd7 Ra8 27. f3 Nf6 28. Nxf6+ gxf6 29. Rb7 e5 30. a4 Rc8 31. Rxa7 Rc4 32. b5 Rb4 33. Kf2 h5 34. Kg3 Kf8 35. f4 Rb2 36. Rb7 Ra2 37. Rxb6 Kf7 38. Ra6 Re2 39. Kf3 Rb2 40. b6 h4 41. fxe5 fxe5 42. a5 Kf6 43. e4 Rb3+ 44. Ke2 Kg5 45. exf5 Kxf5 46. Ra8 Ke4 47. Kd2 Rb5 48. Rh8 Kd4 49. a6 Rb2+ 50. Kc1 Rxb6 51. a7 1-0

[Event "NOR-chT 1819"]
[Site "Norway"]
[Date "2019.03.08"]
[Round "7.1"]
[White "Machlik, Endre"]
[Black "Andersen, Alf Roger"]
[Result "1-0"]
[WhiteElo "2154"]
[BlackElo "2256"]
[PlyCount "99"]
[EventDate "2018.11.02"]
[EventType "team-tourn"]
[EventRounds "9"]
[EventCountry "NOR"]
[SourceTitle "CBM 189 Extra"]
[Source "ChessBase"]
[SourceDate "2019.05.31"]
[SourceVersion "1"]
[SourceVersionDate "2019.05.31"]
[SourceQuality "1"]
[WhiteTeam "Tromsoe"]
[BlackTeam "Akademisk"]
[WhiteTeamCountry "NOR"]
[BlackTeamCountry "NOR"]

1. d4 e6 2. c4 d5 3. Nc3 f5 4. Nf3 Nf6 5. Bf4 c6 6. e3 Bd6 7. Bxd6 Qxd6 8. Bd3 0-0 9. 0-0 Ne4 10. Qb3 Qe7 11. Bxe4 fxe4 12. Ne5 Nd7 13. f4 exf3 14. Nxf3 Nb6 15. Ne5 dxc4 16. Nxc4 Nxc4 17. Qxc4 Bd7 18. Ne4 b6 19. a4 a5 20. Qb3 Qb4 21. Qxb4 axb4 22. Rfc1 Ra6 23. Rc4 b3 24. Rb4 e5 25. Rxb3 exd4 26. exd4 Bf5 27. Nd6 Be6 28. Rb4 Rd8 29. Ne4 Rda8 30. Re1 Bf5 31. Nd6 Bd3 32. Rb3 Bg6 33. a5 bxa5 34. Re7 Rf8 35. Rbb7 Kh8 36. Rxg7 a4 37. h4 Ra5 38. Nc4 Rd5 39. Ne5 Be4 40. Rg4 Bf5 41. Rf4 c5 42. g4 cxd4 43. Nf7+ Rxf7 44. Rxf7 Bg6 45. Ra7 Kg8 46. Rxa4 d3 47. Rad4 Rb5 48. h5 Be8 49. b4 Rg5 50. Rd8 1-0

[Event "Djenovici TS10 IM"]
[Site "Djenovici"]
[Date "2018.10.26"]
[Round "7"]
[White "Andersen, Alf Roger"]
[Black "Mouhamad, Joachin"]
[Result "0-1"]
[WhiteElo "2225"]
[BlackElo "2266"]
[PlyCount "158"]
[EventDate "2018.10.20"]
[EventType "tourn"]
[EventRounds "9"]
[EventCountry "MNE"]
[EventCategory "1"]
[SourceTitle "CBM 187 Extra"]
[Source "ChessBase"]
[SourceDate "2018.11.04"]
[SourceVersion "1"]
[SourceVersionDate "2018.11.04"]
[SourceQuality "1"]

1. Nf3 c5 2. e3 Nf6 3. d4 g6 4. Bd3 Bg7 5. 0-0 0-0 6. c3 b6 7. b3 Bb7 8. Bb2 Ne4 9. Nbd2 d5 10. Rc1 Nd7 11. Qe2 e5 12. Rfd1 Nd6 13. Bb1 e4 14. Ne1 Qg5 15. c4 Ba6 16. Nf1 cxd4 17. exd4 Nf6 18. Qe3 Qh5 19. Qf4 Nf5 20. Ng3 Nxg3 21. fxg3 Rfe8 22. h3 Re6 23. g4 Qh4 24. Qf2 Qxf2+ 25. Kxf2 Bh6 26. Rc3 b5 27. cxb5 Bxb5 28. Bc1 Bg7 29. Be3 Bf8 30. Rdc1 Ba3 31. Rc8+ Re8 32. Rxa8 Rxa8 33. Rc3 a5 34. Bc2 h5 35. gxh5 Nxh5 36. Bd1 Ng7 37. Nc2 Bb4 38. Rc7 Bd6 39. Rc3 f5 40. g3 Ne6 41. h4 f4 42. gxf4 Rf8 43. Be2 Be8 44. Ke1 Nxf4 45. Bxf4 Rxf4 46. Rc8 Rf8 47. Ra8 Bc7 48. Ne3 Bf7 49. Ra6 Rb8 50. Rc6 Bb6 51. Nc2 Bd8 52. Bg4 Bxh4+ 53. Ke2 Bd8 54. Be6 Rb6 55. Bxf7+ Kxf7 56. Rc5 Rd6 57. Ne3 Ke6 58. Rc8 Bb6 59. Nc2 Kd7 60. Rf8 Ke7 61. Rc8 g5 62. Rg8 Kf6 63. Rf8+ Kg7 64. Re8 Rd8 65. Re5 Kf6 66. Ne3 Bxd4 67. Rxd5 Rxd5 68. Nxd5+ Ke5 69. Ne7 Kf4 70. Nc6 Bb6 71. a4 g4 72. Ne7 Kg3 73. Nd5 Bd4 74. b4 axb4 75. Nxb4 Kh2 76. Nc2 g3 77. Nxd4 g2 78. Ke3 g1Q+ 79. Kxe4 Qa1 0-1

[Event "Djenovici TS10 IM"]
[Site "Djenovici"]
[Date "2018.10.25"]
[Round "6"]
[White "Tomic, Goran"]
[Black "Andersen, Alf Roger"]
[Result "0-1"]
[WhiteElo "2216"]
[BlackElo "2225"]
[PlyCount "148"]
[EventDate "2018.10.20"]
[EventType "tourn"]
[EventRounds "9"]
[EventCountry "MNE"]
[EventCategory "1"]
[SourceTitle "CBM 187 Extra"]
[Source "ChessBase"]
[SourceDate "2018.11.04"]
[SourceVersion "1"]
[SourceVersionDate "2018.11.04"]
[SourceQuality "1"]

1. e4 c6 2. Nf3 d5 3. exd5 cxd5 4. Ne5 Nf6 5. d4 g6 6. Bb5+ Nbd7 7. f4 Bg7 8. 0-0 0-0 9. c3 Ne4 10. Bd3 Ndf6 11. Nd2 Nd6 12. Qe2 Bf5 13. Re1 Rc8 14. Ndf3 Bxd3 15. Nxd3 Nfe4 16. Nf2 Nxf2 17. Qxf2 Rc7 18. Qh4 e6 19. Qh3 b5 20. a3 a5 21. Ng5 h6 22. Nf3 b4 23. axb4 axb4 24. Ne5 bxc3 25. bxc3 Ne4 26. Bb2 Qb8 27. Re2 Rfc8 28. Rc1 Rb7 29. Ba1 Qa7 30. Qe3 Rb3 31. Rec2 Ra8 32. h3 Rc8 33. Kh2 Kh7 34. Qe1 Nd6 35. Qe2 Nc4 36. Nxc4 Rxc4 37. Ra2 Qc7 38. Rf1 h5 39. Qd1 Rb7 40. Kh1 Bh6 41. Qf3 Rb5 42. Qf2 Rc6 43. Re2 Rcb6 44. Ree1 Kg8 45. Rd1 Qb8 46. h4 Rb1 47. g3 Rxd1 48. Rxd1 Bf8 49. Qc2 Rb3 50. Rg1 Qb5 51. Rc1 Ba3 52. Rd1 Bd6 53. Rg1 Kg7 54. Rd1 Qc4 55. Kg2 Ra3 56. Bb2 Ra2 57. Rd2 Ba3 58. Qc1 Bxb2 59. Rxb2 Ra3 60. Rc2 Qa6 61. Qe3 Ra1 62. Rf2 Rb1 63. Qe5+ Kg8 64. f5 exf5 65. Qxd5 Qa1 66. Qc5 Rg1+ 67. Kh2 Rh1+ 68. Kg2 Qg1+ 69. Kf3 Qe1 70. Qc8+ Kg7 71. Qc6 f4 72. Qe4 Qxc3+ 73. Kxf4 Re1 74. Re2 Rf1+ 0-1

[Event "NOR-ch Master"]
[Site "Sarpsborg"]
[Date "2018.07.11"]
[Round "6"]
[White "Martinsen, Stig K"]
[Black "Andersen, Alf Roger"]
[Result "1/2-1/2"]
[WhiteElo "2189"]
[BlackElo "2180"]
[PlyCount "52"]
[EventDate "2018.07.07"]
[EventType "swiss"]
[EventRounds "9"]
[EventCountry "NOR"]
[SourceTitle "EXT 2024"]
[Source "ChessBase"]
[SourceDate "2023.10.10"]
[SourceVersion "1"]
[SourceVersionDate "2023.10.10"]
[SourceQuality "1"]

1. d4 e6 2. e4 d5 3. Nd2 Nf6 4. e5 Nfd7 5. c3 c5 6. Bd3 b6 7. Ne2 Ba6 8. Bxa6 Nxa6 9. Nf4 cxd4 10. cxd4 Nb4 11. a3 Nc6 12. Nf3 Rc8 13. b3 Be7 14. 0-0 Nf8 15. g3 Ng6 16. Nh5 0-0 17. Re1 Qd7 18. Qe2 Rfe8 19. Bb2 Rc7 20. Kg2 Rec8 21. Rac1 Na5 22. Qd3 h6 23. Rxc7 Rxc7 24. Rc1 Rxc1 25. Bxc1 Qc6 26. Bb2 Bf8 1/2-1/2

[Event "NOR-ch Master"]
[Site "Sarpsborg"]
[Date "2018.07.08"]
[Round "3"]
[White "Grundekjon, Christian S"]
[Black "Andersen, Alf Roger"]
[Result "0-1"]
[WhiteElo "2100"]
[BlackElo "2180"]
[PlyCount "88"]
[EventDate "2018.07.07"]
[EventType "swiss"]
[EventRounds "9"]
[EventCountry "NOR"]
[SourceTitle "EXT 2024"]
[Source "ChessBase"]
[SourceDate "2023.10.10"]
[SourceVersion "1"]
[SourceVersionDate "2023.10.10"]
[SourceQuality "1"]

1. b3 Nf6 2. Bb2 e6 3. e3 b6 4. f4 Bb7 5. Nf3 Be7 6. Be2 c5 7. 0-0 0-0 8. a4 Nc6 9. Ne5 d6 10. Nxc6 Bxc6 11. Bf3 Rc8 12. Bxc6 Rxc6 13. Qf3 d5 14. d3 Nd7 15. c4 Bf6 16. Nc3 Bxc3 17. Bxc3 Rd6 18. Qg3 f6 19. cxd5 exd5 20. f5 Nb8 21. Rf4 Nc6 22. Rg4 Rf7 23. Re1 Re7 24. Bb2 Ne5 25. Bxe5 fxe5 26. Rf1 Rf6 27. Rh4 Qd7 28. Qh3 h6 29. g4 Ref7 30. g5 Rxf5 31. Rxf5 Qxf5 32. Qxf5 Rxf5 33. gxh6 gxh6 34. Rxh6 Rf3 35. Rg6+ Kf7 36. Rg3 Rxg3+ 37. hxg3 Kf6 38. Kf2 Kf5 39. d4 cxd4 40. exd4 e4 41. Kg2 Kg4 42. b4 a5 43. bxa5 bxa5 44. Kf2 Kh3 0-1

[Event "Oslo Sveins op 11th"]
[Site "Oslo"]
[Date "2018.06.24"]
[Round "5"]
[White "Andersen, Alf Roger"]
[Black "Vestby Ellingsen, Mads"]
[Result "0-1"]
[WhiteElo "2166"]
[BlackElo "2447"]
[PlyCount "150"]
[EventDate "2018.06.22"]
[EventType "swiss"]
[EventRounds "9"]
[EventCountry "NOR"]
[SourceTitle "CBM 185 Extra"]
[Source "ChessBase"]
[SourceDate "2018.07.29"]
[SourceVersion "1"]
[SourceVersionDate "2018.07.29"]
[SourceQuality "1"]

1. e4 e5 2. Nf3 Nc6 3. Bc4 Nf6 4. d3 Be7 5. 0-0 d6 6. c3 0-0 7. h3 Na5 8. Bb5 a6 9. Ba4 b5 10. Bc2 c5 11. Nbd2 Nc6 12. Re1 Re8 13. Nf1 Bf8 14. a4 b4 15. Bg5 h6 16. Bxf6 Qxf6 17. Ne3 Be6 18. Bb3 Rab8 19. Nd5 Qd8 20. Bc4 Qc8 21. Nd2 Be7 22. Nf1 Bg5 23. Nde3 Re7 24. Bd5 bxc3 25. bxc3 Reb7 26. Nc4 Rd7 27. Rb1 Rd8 28. Rxb8 Nxb8 29. Qb3 Nc6 30. Nb6 Bxd5 31. Nxd5 Qd7 32. Qb6 Ra8 33. Ra1 Bd8 34. Qb3 Rb8 35. Qa2 Na5 36. Nfe3 g6 37. Nc4 Kg7 38. Kh2 Nxc4 39. Qxc4 Qb7 40. Rf1 a5 41. Kg1 Bg5 42. f4 exf4 43. Nxf4 Qb3 44. Qa6 Bxf4 45. Rxf4 Qxc3 46. Qxd6 Qd4+ 47. Qxd4+ cxd4 48. e5 Rb4 49. Kf2 Rxa4 50. Kf3 Rb4 51. Ke4 a4 52. Rf6 Rb2 53. Ra6 Rxg2 54. Rxa4 Rg3 55. Rxd4 Rxh3 56. Rd7 Rh1 57. d4 Re1+ 58. Kf4 Rf1+ 59. Ke4 h5 60. Ra7 h4 61. d5 h3 62. Ra2 Rh1 63. d6 h2 64. Re2 Kf8 65. e6 fxe6 66. Rf2+ Kg7 67. Re2 Rd1 68. Rxh2 Rxd6 69. Ke5 Ra6 70. Rh1 g5 71. Rh2 Ra5+ 72. Kxe6 Kg6 73. Rh8 g4 74. Rg8+ Kh5 75. Kf6 Kh4 0-1

[Event "NOR-chT 1718"]
[Site "Norway"]
[Date "2018.03.03"]
[Round "8.2"]
[White "Andersen, Alf Roger"]
[Black "Hansen, Torbjorn Ringdal"]
[Result "1/2-1/2"]
[WhiteElo "2161"]
[BlackElo "2406"]
[PlyCount "77"]
[EventDate "2017.11.03"]
[EventType "team-tourn"]
[EventRounds "9"]
[EventCountry "NOR"]
[SourceTitle "EXT 2019"]
[Source "ChessBase"]
[SourceDate "2018.10.10"]
[SourceVersion "1"]
[SourceVersionDate "2018.10.10"]
[SourceQuality "1"]
[WhiteTeam "Akademisk"]
[BlackTeam "Oslo SK 1911"]
[WhiteTeamCountry "NOR"]
[BlackTeamCountry "NOR"]

1. e4 c6 2. d4 d5 3. Nc3 dxe4 4. Nxe4 Nf6 5. Nxf6+ exf6 6. c3 Bf5 7. Bd3 Bxd3 8. Qxd3 Na6 9. Ne2 Bd6 10. Bf4 0-0 11. 0-0-0 Nc7 12. Qg3 Nb5 13. c4 Bxf4+ 14. Qxf4 Re8 15. Ng3 Nd6 16. d5 c5 17. Nf5 Re5 18. Nxd6 Qxd6 19. Rhe1 Rae8 20. Rxe5 Rxe5 21. Kb1 g6 22. g3 Kg7 23. a3 a6 24. Ka2 b5 25. Re1 h5 26. h4 Qb8 27. Rxe5 fxe5 28. Qd2 bxc4 29. d6 Qb3+ 30. Ka1 c3 31. bxc3 Qxa3+ 32. Kb1 Qb3+ 33. Kc1 Qa3+ 34. Kd1 Qa4+ 35. Ke1 Qe4+ 36. Kf1 Qh1+ 37. Ke2 Qe4+ 38. Kf1 Qh1+ 39. Ke2 1/2-1/2